Vista normal
Vista MARC
Entrada Personal Name
Número de registros utilizados en: 3
001 - CONTROL NUMBER
- control field: 219
003 - CONTROL NUMBER IDENTIFIER
- control field: OSt
005 - DATE AND TIME OF LATEST TRANSACTION
- control field: 20110726091839.0
008 - FIXED-LENGTH DATA ELEMENTS
- fixed length control field: 110726|||a|||||| | ||| d
040 ## - CATALOGING SOURCE
- Original cataloging agency: OSt
- Transcribing agency: OSt
100 ## - HEADING--PERSONAL NAME
- Personal name: Mazzáfero, Vicente Enrique.
670 ## - SOURCE DATA FOUND
- Source citation: Work cat.: (OSt)199: Mazzáfero, Vicente Enrique., Medicina y salud pública / , 1999.